000 01029cab a2200241 4500
001 ABS41715
008 090401t1989 xxu||||| |||| 00| 0 eng d
035 _a(Sirsi) u31967
041 _aeng
100 _aWaters, B.
245 _aControl of advertising
260 _c1989
350 _a0
490 _aArchitects` Journal
_v190(20) 15 November 1989, 85-89(5)
520 _aReviews the Town and Country Planning (Control of Advertisements) Regulations 1989 which came into force earlier this year, examining the definition of an advertisement, criteria for, and scope of control of advertisements, the need for consent, standard conditions, deemed consent, exclusion and discontinuance action, areas of special control, making an application, express consent, appeals and unauthorised advertisements.
650 _aCONTROL OF ADVERTISEMENTS REGULATIONS 1989
650 _aHOARDINGS
650 _aSITE BOARDS
690 _aPLANNING LAW AND PRACTICE
700 _aRobinson, L.
942 _n0
948 _c04/03/1997
999 _c21452
_d21452